MJHL Teams - Statistics

General Stats
  • This quiz has been taken 16 times
  • The average score is 10 of 13
Answer Stats
Division Team Name % Correct
East Steinbach Pistons
91%
West Waywayseecappo Wolverines
91%
East Winkler Flyers
91%
West Dauphin Kings
82%
West OCN Blizzard
82%
East Selkirk Steelers
82%
West Virden Oil Capitals
82%
West Neepawa Titans
73%
East Portage Terriers
73%
East Winnipeg Blues
73%
East Niverville Nighthawks
64%
West Swan Valley Stampeders
64%
East Winnipeg Freeze
64%
No matching quizzes found
Score Distribution
Percent of People with Each Score
Percentile by Number Answered
Your Score History
You have not taken this quiz